Hướng dẫn làm bài tập đồ án quy hoạch 1: Quy hoạch chi tiết ở đơn vị

Wedi'i Gadw mewn:
Manylion Llyfryddiaeth
Prif Awdur: Phạm Hùng Cường
Fformat: Llyfr
Iaith:Undetermined
Cyhoeddwyd: Hà Nội Xây dựng 2004
Pynciau:
Tagiau: Ychwanegu Tag
Dim Tagiau, Byddwch y cyntaf i dagio'r cofnod hwn!
Thư viện lưu trữ: Trung tâm Học liệu Trường Đại học Cần Thơ
LEADER 00620nam a2200205Ia 4500
001 CTU_62419
008 210402s9999 xx 000 0 und d
020 |b 12000 
082 |a 711.4 
082 |b C561 
100 |a Phạm Hùng Cường 
245 0 |a Hướng dẫn làm bài tập đồ án quy hoạch 1: Quy hoạch chi tiết ở đơn vị 
245 0 |c Phạm Hùng Cường 
260 |a Hà Nội 
260 |b Xây dựng 
260 |c 2004 
650 |a cities and towns 
650 |x planning 
904 |i Minh 
980 |a Trung tâm Học liệu Trường Đại học Cần Thơ